• 首页
  • 本馆介绍
  • 公告通知
  • 最新文献
  • 馆藏检索
  • 电子资源
  • 读者导购
  • 参考咨询
  • 我的图书馆
  • 登录
  • 详细信息显示
  • 放入我的书架
  • 预约/预借图书
  • 作者相关作品
  • 分类相关作品
  • 丛书相关作品
  • 出版社相关作品

书目信息

  • 表格格式
  • 工作单格式
  • 卡片格式
题名:
六朝墓志选字
    
 
作者: ;天津杨柳青书画店 编辑
分册:  
出版信息: 天津   天津杨柳青书画店  1978
页数: 32页
开本: 26cm
丛书名:
单 册:
中图分类: J292.23 , J292.21
科图分类:
主题词: 楷书-碑帖--中国--魏晋南北朝时代 , 碑帖-楷书--中国--魏晋南北朝时代 , 书法--中国 , 篆刻--中国
电子资源:
ISBN:
000 00775nam0 2200277 45
001 0178005129
005 20040519150949.5
010    @dCNY0.23
091    @a7174.002
100    @a19950721d1978 em y0chiy0121 ea
101 0  @achi
102    @aCN@b120000
105    @ay z 000yy
106    @ar
200 10 @a六朝墓志选字@Aliu chao mu zhi xuan zi@f天津杨柳青书画店编辑
210    @a天津@c天津杨柳青书画店@d1978
215    @a32页@d26cm
606    @a楷书-碑帖@y中国@z魏晋南北朝时代
606    @a碑帖-楷书@y中国@z魏晋南北朝时代
606 0  @a书法@x中国
606 0  @a篆刻@x中国
690    @aJ292.23@v3
690    @aJ292.21
711 02 @a天津杨柳青书画店@Atian jin yang liu qing shu hua dian@4编辑
801  0 @aCN@bNLC@c20040519
905    @f2@b9410-411@dJ292.21@e18
    
    六朝墓志选字/天津杨柳青书画店编辑.-天津:天津杨柳青书画店,1978
    32页;26cm
    
    
    ISBN :CNY0.23
    
●
相关链接 在E读中查询图书 在五车中查询图书 在当当中查询图书 在豆瓣中查询图书


正题名:六朝墓志选字     索取号:J292.21/18         预约/预借

序号 登录号 条形码 馆藏地/架位号 状态 备注
1 0009410   001929266   第一借阅区/ [索取号:J292.21/18] 在馆    
2 0009411   001216883   第一借阅区/ [索取号:J292.21/18] 在馆    
唐山师范学院图书馆 欢迎您!
大连网信软件有限公司© 版权所有